[Event "Novosibirsk AS-90 Seniors op"]
[Site "Novosibirsk"]
[Date "2010.12.02"]
[Round "9.5"]
[White "Kuryshev, Alexander"]
[Black "Litvinov, Yury"]
[Result "0-1"]
[WhiteElo "1972"]
[BlackElo "2048"]
[PlyCount "84"]
[EventDate "2010.11.05"]
[EventType "swiss"]
[EventRounds "9"]
[EventCountry "RUS"]
[SourceTitle "EXT 2022"]
[Source "ChessBase"]
[SourceDate "2021.10.06"]
[SourceVersion "1"]
[SourceVersionDate "2021.10.06"]
[SourceQuality "1"]

1. e4 c5 2. d3 Nc6 3. c3 Nf6 4. Be3 d6 5. Be2 h5 6. f4 Ng4 7. Bxg4 hxg4 8. Ne2 f5 9. exf5 Bxf5 10. Ng3 e6 11. Qe2 Be7 12. Bf2 Qd7 13. Nxf5 exf5 14. Na3 0-0-0 15. 0-0-0 d5 16. Qd2 a6 17. Nc2 d4 18. cxd4 cxd4 19. Kb1 Kb8 20. Rc1 Rh6 21. a3 Qd5 22. Bg3 Qb5 23. Rce1 Bf8 24. Re2 Bc5 25. Rhe1 Na5 26. Re5 Rb6 27. Na1 g6 28. Rc1 Rc8 29. b4 Rbc6 30. Ka2 Bxb4 31. Rxc6 Nxc6 32. axb4 Nxb4+ 33. Ka3 Nd5 34. Nb3 Rc3 35. Qd1 Qb4+ 36. Kb2 Ne3 37. Rxe3 dxe3 38. Be1 Rxb3+ 39. Qxb3 Qxe1 40. Qg8+ Ka7 41. Qd5 Qb4+ 42. Kc2 e2 0-1

[Event "Novosibirsk AS-90 Seniors op"]
[Site "Novosibirsk"]
[Date "2010.11.17"]
[Round "5.2"]
[White "Mukhamadeev, Razit"]
[Black "Litvinov, Yury"]
[Result "1-0"]
[WhiteElo "2078"]
[BlackElo "2048"]
[PlyCount "73"]
[EventDate "2010.11.05"]
[EventType "swiss"]
[EventRounds "9"]
[EventCountry "RUS"]
[SourceTitle "EXT 2022"]
[Source "ChessBase"]
[SourceDate "2021.10.06"]
[SourceVersion "1"]
[SourceVersionDate "2021.10.06"]
[SourceQuality "1"]

1. e4 e5 2. Nf3 d6 3. d4 exd4 4. Nxd4 Be7 5. Bc4 Nf6 6. Nc3 c6 7. a4 a5 8. 0-0 Na6 9. Bf4 Nb4 10. Qe2 0-0 11. Rad1 d5 12. exd5 Nfxd5 13. Nxd5 Nxd5 14. Bxd5 cxd5 15. Nb5 Ra6 16. Nc7 Bd6 17. Nxd5 Re8 18. Ne3 Qf6 19. Bxd6 Rxd6 20. Rxd6 Qxd6 21. Qb5 Bd7 22. Qxa5 Bc6 23. Rd1 Qf6 24. c3 g6 25. Qb4 h5 26. Qd4 Qg5 27. h4 Qa5 28. b3 Kh7 29. Nd5 Re6 30. Nf6+ Kh6 31. Nd7 Qa8 32. Nc5 Re8 33. Qf6 b6 34. Nd3 Rd8 35. Nb2 Rxd1+ 36. Nxd1 Bxg2 37. Qg5+ 1-0

[Event "Novosibirsk Sukharev Memorial Seniors"]
[Site "Novosibirsk"]
[Date "2010.07.26"]
[Round "9"]
[White "Litvinov, Yury"]
[Black "Klynin, Vladimir"]
[Result "1/2-1/2"]
[WhiteElo "2031"]
[BlackElo "1987"]
[PlyCount "90"]
[EventDate "2010.07.18"]
[EventType "swiss"]
[EventRounds "9"]
[EventCountry "RUS"]
[SourceTitle "EXT 2011"]
[Source "ChessBase"]
[SourceDate "2010.11.26"]
[SourceVersion "1"]
[SourceVersionDate "2010.11.26"]
[SourceQuality "1"]

1. d4 e6 2. Bf4 Nf6 3. e3 b6 4. Be2 Bb7 5. Bf3 d5 6. Nd2 Bd6 7. Bg3 Nbd7 8. Bxd6 cxd6 9. Be2 e5 10. c3 0-0 11. Nh3 Re8 12. 0-0 Nf8 13. Bb5 Re7 14. Qf3 Ne4 15. Nxe4 dxe4 16. Qd1 exd4 17. cxd4 d5 18. Nf4 Qd6 19. Rc1 Ne6 20. Nh5 f5 21. Rc3 g6 22. Ng3 a6 23. Be2 f4 24. exf4 Qxf4 25. f3 e3 26. Qb3 b5 27. Qb4 Rae8 28. Rd1 Qg5 29. f4 Nxf4 30. Rf1 h5 31. Qd6 Rf8 32. Rc7 Nxe2+ 33. Nxe2 Rxf1+ 34. Kxf1 Qf5+ 35. Kg1 Rxc7 36. Qxc7 Qf2+ 37. Kh1 Qxe2 38. Qb8+ Kg7 39. Qe5+ Kf7 40. Qc7+ Ke6 41. Qe5+ Kd7 42. Qg7+ Kc6 43. Qf6+ Kc7 44. Qe7+ Kb8 45. Qd6+ Ka8 1/2-1/2

[Event "Novosibirsk Sukharev Memorial Seniors"]
[Site "Novosibirsk"]
[Date "2010.07.25"]
[Round "8"]
[White "Volkov, Petr"]
[Black "Litvinov, Yury"]
[Result "0-1"]
[WhiteElo "2056"]
[BlackElo "2031"]
[PlyCount "79"]
[EventDate "2010.07.18"]
[EventType "swiss"]
[EventRounds "9"]
[EventCountry "RUS"]
[SourceTitle "EXT 2011"]
[Source "ChessBase"]
[SourceDate "2010.11.26"]
[SourceVersion "1"]
[SourceVersionDate "2010.11.26"]
[SourceQuality "1"]

1. e4 c6 2. d4 d5 3. e5 Bf5 4. Nf3 e6 5. Be2 Be7 6. Be3 Nd7 7. Qd2 a5 8. a4 h5 9. h3 Be4 10. c3 Nb6 11. b3 Nh6 12. g4 Kd7 13. g5 Nf5 14. Rg1 g6 15. Na3 Ke8 16. Nh2 Nxe3 17. Qxe3 Kf8 18. c4 Nd7 19. f3 Bf5 20. cxd5 exd5 21. h4 Bb4+ 22. Kf2 Qe7 23. Qc1 Kg7 24. Rd1 Rac8 25. f4 c5 26. dxc5 Bxc5+ 27. Kg2 Bd4 28. Qd2 Bxa1 29. Rxa1 Qb4 30. Qb2 Be6 31. Rf1 Rc3 32. Bd1 Bh3+ 33. Kh1 Bxf1 34. e6 fxe6 35. Nb5 Bxb5 36. axb5 Rhc8 37. f5 Qe4+ 38. Nf3 gxf5 39. Kh2 d4 40. Ne1 0-1

[Event "Novosibirsk Sukharev Memorial Seniors"]
[Site "Novosibirsk"]
[Date "2009.07.26"]
[Round "9"]
[White "Litvinov, Yury"]
[Black "Konjkov, Victor"]
[Result "1-0"]
[WhiteElo "1974"]
[BlackElo "1976"]
[PlyCount "155"]
[EventDate "2009.07.18"]
[EventType "swiss"]
[EventRounds "9"]
[EventCountry "RUS"]
[SourceTitle "EXT 2021"]
[Source "ChessBase"]
[SourceDate "2020.10.23"]
[SourceVersion "1"]
[SourceVersionDate "2020.10.23"]
[SourceQuality "1"]

1. e4 e5 2. Bc4 Bc5 3. c3 Nf6 4. Qe2 Nc6 5. b4 Bb6 6. d3 d6 7. h3 Be6 8. a4 a6 9. Nf3 Bxc4 10. dxc4 0-0 11. 0-0 Ne7 12. Rd1 Qc8 13. Nbd2 Ng6 14. Nb3 Nh5 15. c5 Nhf4 16. Bxf4 Nxf4 17. Qf1 Ba7 18. Kh2 Qe6 19. Rab1 f5 20. g3 fxe4 21. Ng5 Qg6 22. gxf4 h6 23. Qc4+ Kh8 24. Qxe4 Qxe4 25. Nxe4 Rxf4 26. cxd6 Rxe4 27. dxc7 Bb6 28. Nc5 Rc4 29. Rd7 Rc8 30. Ne6 Bxc7 31. Rxg7 Rxc3 32. Rg6 Kh7 33. Rg7+ Kh8 34. Re7 e4+ 35. Nxc7 R8xc7 36. Rxe4 Rf7 37. Rb2 Rff3 38. Rh4 Kg7 39. Kg2 Kg6 40. Rg4+ Kh5 41. Rg3 Rxg3+ 42. fxg3 Ra3 43. a5 Kg5 44. Rf2 Rb3 45. h4+ Kg6 46. Rf4 h5 47. Kh3 Rb1 48. Rd4 Rh1+ 49. Kg2 Rb1 50. Rd6+ Kf5 51. Rb6 Kg4 52. Rg6+ Kf5 53. Rg5+ Kf6 54. Rxh5 Rxb4 55. Rh7 Kg6 56. Rd7 Rb5 57. g4 Rb2+ 58. Kf3 Rb3+ 59. Ke4 Rb4+ 60. Rd4 Rb5 61. Rd6+ Kf7 62. Rb6 Rxa5 63. Rxb7+ Kg6 64. Rb6+ Kg7 65. h5 Ra4+ 66. Kf5 Ra5+ 67. Kf4 Ra4+ 68. Kg3 Ra3+ 69. Kh4 Ra4 70. h6+ Kh7 71. Kh5 a5 72. g5 Rb4 73. g6+ Kg8 74. Ra6 Rb5+ 75. Kg4 Rb8 76. Rxa5 Rc8 77. Kg5 Rb8 78. h7+ 1-0

[Event "Novosibirsk Sukharev Memorial Seniors"]
[Site "Novosibirsk"]
[Date "2009.07.23"]
[Round "6"]
[White "Litvinov, Yury"]
[Black "Gavrilov, Gennady"]
[Result "0-1"]
[WhiteElo "1974"]
[BlackElo "2089"]
[PlyCount "66"]
[EventDate "2009.07.18"]
[EventType "swiss"]
[EventRounds "9"]
[EventCountry "RUS"]
[SourceTitle "EXT 2021"]
[Source "ChessBase"]
[SourceDate "2020.10.23"]
[SourceVersion "1"]
[SourceVersionDate "2020.10.23"]
[SourceQuality "1"]

1. d4 d5 2. Bf4 Bf5 3. e3 e6 4. Bd3 Bg6 5. Nd2 Nf6 6. Bg5 Nbd7 7. Ngf3 Be7 8. Bxg6 hxg6 9. c3 c5 10. Qa4 Kf8 11. Qc2 Rc8 12. h4 Qc7 13. 0-0-0 b5 14. Nb1 Ne4 15. Bxe7+ Kxe7 16. Ng5 Ndf6 17. f3 Ng3 18. Rh3 Nf5 19. Qd2 cxd4 20. g4 dxe3 21. Qe2 Nd6 22. Qxe3 Nc4 23. Qd4 a5 24. Re1 e5 25. Nd2 Ne4 26. Qxd5 Nxg5 27. Nxc4 Qxc4 28. Qxe5+ Ne6 29. Rhh1 b4 30. Qxa5 bxc3 31. Qa3+ Ke8 32. Qd6 cxb2+ 33. Kxb2 Rd8 0-1

[Event "Novosibirsk Sukharev Memorial Seniors"]
[Site "Novosibirsk"]
[Date "2009.07.21"]
[Round "4"]
[White "Ezhov, Victor"]
[Black "Litvinov, Yury"]
[Result "1/2-1/2"]
[WhiteElo "2001"]
[BlackElo "1974"]
[PlyCount "104"]
[EventDate "2009.07.18"]
[EventType "swiss"]
[EventRounds "9"]
[EventCountry "RUS"]
[SourceTitle "EXT 2021"]
[Source "ChessBase"]
[SourceDate "2020.10.23"]
[SourceVersion "1"]
[SourceVersionDate "2020.10.23"]
[SourceQuality "1"]

1. Nf3 f5 2. d3 Nf6 3. e4 d6 4. e5 dxe5 5. Nxe5 g6 6. Nc3 c6 7. Be2 Bg7 8. Bg5 Nbd7 9. f4 Qb6 10. Nc4 Qd4 11. Qd2 b5 12. Qe3 Qxe3 13. Nxe3 a5 14. Bf3 Ra6 15. Ne2 c5 16. c3 Rd6 17. 0-0-0 Ba6 18. d4 b4 19. dxc5 Nxc5 20. Rxd6 exd6 21. Bc6+ Kf7 22. Nd4 bxc3 23. bxc3 Rc8 24. Bb5 Bxb5 25. Nxb5 Nfe4 26. Rd1 Ne6 27. Rxd6 N6xg5 28. Rd7+ Kf8 29. fxg5 Bxc3 30. Nd5 Bd2+ 31. Kb2 Bxg5 32. Rxh7 Rc5 33. Nbc7 Kg8 34. Rd7 a4 35. g3 Rc4 36. Ne6 Bc1+ 37. Ka1 Ba3 38. Rg7+ Kh8 39. Rc7 Rxc7 40. Ndxc7 Nc3 41. Nd4 Bd6 42. Ncb5 Nxb5 43. Nxb5 Be5+ 44. Kb1 f4 45. gxf4 Bxf4 46. h3 Be5 47. Kc2 Kh7 48. Kd3 Kh6 49. Ke4 Bb2 50. Kf4 Kh5 51. Kg3 Be5+ 52. Kf3 Kg5 1/2-1/2

[Event "Novosibirsk Sukharev Memorial Seniors"]
[Site "Novosibirsk"]
[Date "2009.07.19"]
[Round "2"]
[White "Migunov, Vladislav"]
[Black "Litvinov, Yury"]
[Result "0-1"]
[WhiteElo "1900"]
[BlackElo "1974"]
[PlyCount "92"]
[EventDate "2009.07.18"]
[EventType "swiss"]
[EventRounds "9"]
[EventCountry "RUS"]
[SourceTitle "EXT 2021"]
[Source "ChessBase"]
[SourceDate "2020.10.23"]
[SourceVersion "1"]
[SourceVersionDate "2020.10.23"]
[SourceQuality "1"]

1. e4 c5 2. d4 cxd4 3. c3 dxc3 4. Nxc3 a6 5. Bc4 e6 6. Nf3 b5 7. Bb3 Nc6 8. Be3 Nf6 9. Bg5 Be7 10. Qe2 h6 11. Bh4 Nh5 12. Bxe7 Qxe7 13. Qe3 g5 14. 0-0 Bb7 15. Rad1 d6 16. a4 b4 17. Ne2 Ne5 18. Qd4 Nxf3+ 19. gxf3 Rg8 20. Qxd6 Qxd6 21. Rxd6 g4 22. Ng3 gxf3 23. Rb6 Bxe4 24. Rxb4 Bd3 25. Rc1 Be2 26. Rh4 Nxg3 27. hxg3 Rg6 28. Rb4 Ra7 29. Bd1 Rd7 30. Bb3 Ke7 31. Ba2 h5 32. b3 Rg5 33. Bb1 Rgd5 34. Be4 Rd1+ 35. Rxd1 Rxd1+ 36. Kh2 Rf1 37. Bb7 Rxf2+ 38. Kh3 f6 39. g4 hxg4+ 40. Kxg4 e5 41. Kh3 f5 42. Rb6 e4 43. Bxa6 Bxa6 44. Rxa6 e3 45. Ra5 Kf6 46. Kg3 Rf1 0-1

[Event "SFR-ch Seniors"]
[Site "Novosibirsk"]
[Date "2008.10.12"]
[Round "5"]
[White "Nikitin, Gennady Sergeevich"]
[Black "Litvinov, Yury"]
[Result "1-0"]
[WhiteElo "2140"]
[BlackElo "1991"]
[PlyCount "55"]
[EventDate "2008.10.08"]
[EventType "swiss"]
[EventRounds "9"]
[EventCountry "RUS"]
[SourceTitle "EXT 2022"]
[Source "ChessBase"]
[SourceDate "2021.10.06"]
[SourceVersion "1"]
[SourceVersionDate "2021.10.06"]
[SourceQuality "1"]

1. d4 Nf6 2. c4 c5 3. d5 d6 4. Nc3 g6 5. e4 Bg7 6. Nf3 Nbd7 7. Be2 h5 8. 0-0 Nh7 9. Be3 Bf6 10. Qd2 Nb6 11. h3 Bd7 12. Bf4 Qc7 13. Rfe1 Rg8 14. Bf1 g5 15. e5 dxe5 16. Bxe5 Bxe5 17. Nxe5 g4 18. h4 g3 19. fxg3 0-0-0 20. Nxf7 Qxg3 21. Nxd8 Nf6 22. Ne4 Qxh4 23. Nxf6 exf6 24. Ne6 Qg4 25. Qe2 Qg3 26. Qf2 Bxe6 27. Qxg3 Rxg3 28. dxe6 1-0

[Event "SFR-ch Seniors"]
[Site "Novosibirsk"]
[Date "2008.10.10"]
[Round "3"]
[White "Chaschin, Nikolay"]
[Black "Litvinov, Yury"]
[Result "0-1"]
[WhiteElo "1888"]
[BlackElo "1991"]
[PlyCount "80"]
[EventDate "2008.10.08"]
[EventType "swiss"]
[EventRounds "9"]
[EventCountry "RUS"]
[SourceTitle "EXT 2022"]
[Source "ChessBase"]
[SourceDate "2021.10.06"]
[SourceVersion "1"]
[SourceVersionDate "2021.10.06"]
[SourceQuality "1"]

1. d4 Nf6 2. Nf3 d5 3. c4 e6 4. Nc3 Bd7 5. cxd5 exd5 6. Bg5 c6 7. Qb3 b5 8. e3 a5 9. Bd3 a4 10. Qc2 h6 11. Bf4 a3 12. b3 Na6 13. Rc1 Nb4 14. Qb1 Nxd3+ 15. Qxd3 Bb4 16. 0-0 0-0 17. h3 Rc8 18. Ne5 Re8 19. Ne2 Ne4 20. Nxd7 Qxd7 21. f3 Nd6 22. Nc3 Qf5 23. Qxf5 Nxf5 24. Nd1 f6 25. Kf2 g5 26. g4 gxf4 27. gxf5 fxe3+ 28. Ke2 Bd2 29. Rc2 Kf7 30. Rg1 c5 31. dxc5 d4 32. Rg2 Rcd8 33. Rxd2 exd2+ 34. Kxd2 Re5 35. b4 Rxf5 36. Rg3 Rg5 37. Rg4 f5 38. Rxg5 hxg5 39. Nf2 Ke6 40. Nd3 Kd5 0-1

[Event "SFR-ch Seniors"]
[Site "Novosibirsk"]
[Date "2008.10.09"]
[Round "2"]
[White "Litvinov, Yury"]
[Black "Zenkov, Gennadiy"]
[Result "0-1"]
[WhiteElo "1991"]
[BlackElo "2085"]
[PlyCount "64"]
[EventDate "2008.10.08"]
[EventType "swiss"]
[EventRounds "9"]
[EventCountry "RUS"]
[SourceTitle "EXT 2022"]
[Source "ChessBase"]
[SourceDate "2021.10.06"]
[SourceVersion "1"]
[SourceVersionDate "2021.10.06"]
[SourceQuality "1"]

1. d4 Nf6 2. Bf4 g6 3. e3 Bg7 4. c3 0-0 5. Be2 b6 6. Bf3 c6 7. h4 Nd5 8. Bxd5 cxd5 9. h5 d6 10. hxg6 fxg6 11. Qf3 Be6 12. Nh3 Bf6 13. Qg3 Nd7 14. Nd2 Bf5 15. Bh6 Bg7 16. Ng5 Nf6 17. f3 Qd7 18. Qh4 e5 19. g4 Bxh6 20. Qxh6 Bd3 21. 0-0-0 Rac8 22. Nb3 e4 23. Nh3 Be2 24. g5 Bxd1 25. gxf6 Bxf3 26. Rg1 Rxf6 27. Nf4 Qf7 28. Nd2 Rf8 29. Nxf3 exf3 30. Rg4 f2 31. Qh1 Rf5 32. Kc2 Re8 0-1

[Event "Novosibirsk-ch Seniors op"]
[Site "Novosibirsk"]
[Date "2008.09.28"]
[Round "4"]
[White "Pisarsky, Georgy"]
[Black "Litvinov, Yury"]
[Result "1/2-1/2"]
[WhiteElo "2080"]
[BlackElo "2008"]
[PlyCount "101"]
[EventDate "2008.09.25"]
[EventType "swiss"]
[EventRounds "9"]
[EventCountry "RUS"]
[SourceTitle "EXT 2022"]
[Source "ChessBase"]
[SourceDate "2021.10.06"]
[SourceVersion "1"]
[SourceVersionDate "2021.10.06"]
[SourceQuality "1"]

1. d4 d5 2. Nf3 Bf5 3. Bf4 e6 4. e3 Bd6 5. Bg5 f6 6. Bh4 Ne7 7. Nbd2 a5 8. a3 Na6 9. Be2 0-0 10. Bg3 c5 11. c3 c4 12. Nh4 Bg6 13. Nxg6 hxg6 14. Bxd6 Qxd6 15. h4 b5 16. h5 g5 17. Qc2 b4 18. g3 b3 19. Qb1 Nc7 20. Nf3 Nb5 21. e4 dxe4 22. Qxe4 Qd5 23. Nd2 Nd6 24. Qxd5 exd5 25. Bf3 f5 26. 0-0-0 Ne4 27. Rde1 Rae8 28. Rhf1 g4 29. Bg2 Nc8 30. Re3 Ncd6 31. Rfe1 Kh7 32. f3 Nxd2 33. Kxd2 Rxe3 34. Rxe3 gxf3 35. Rxf3 Kh6 36. Rf4 Kxh5 37. Rh4+ Kg5 38. Bxd5 Re8 39. Rh7 Re7 40. Rh8 Kg4 41. Rd8 Ne4+ 42. Bxe4 Rxe4 43. Rd5 g6 44. Rxa5 Kxg3 45. Re5 Rh4 46. d5 Rh2+ 47. Kc1 Rh1+ 48. Kd2 Rb1 49. d6 Rxb2+ 50. Kd1 Rb1+ 51. Kd2 1/2-1/2

[Event "Novosibirsk-ch Seniors op"]
[Site "Novosibirsk"]
[Date "2008.09.26"]
[Round "2"]
[White "Volkov, Petr"]
[Black "Litvinov, Yury"]
[Result "0-1"]
[WhiteElo "2095"]
[BlackElo "2008"]
[PlyCount "70"]
[EventDate "2008.09.25"]
[EventType "swiss"]
[EventRounds "9"]
[EventCountry "RUS"]
[SourceTitle "EXT 2022"]
[Source "ChessBase"]
[SourceDate "2021.10.06"]
[SourceVersion "1"]
[SourceVersionDate "2021.10.06"]
[SourceQuality "1"]

1. e4 c6 2. d4 d5 3. e5 Bf5 4. Nf3 e6 5. Be2 Be7 6. b3 h5 7. 0-0 g5 8. c4 Nd7 9. cxd5 exd5 10. Bd3 Be6 11. Qd2 g4 12. Ng5 Nf8 13. Nxe6 Nxe6 14. Bf5 Qb6 15. Bxe6 fxe6 16. Nc3 Nh6 17. Na4 Qc7 18. b4 Nf5 19. Nc5 Bxc5 20. bxc5 Rg8 21. a4 h4 22. f4 gxf3 23. Rxf3 Qh7 24. Qd3 0-0-0 25. Bf4 Rd7 26. Ra2 Nxd4 27. Rh3 Nf5 28. Rb2 Rg4 29. Rf2 Rdg7 30. Rhf3 Qg6 31. Qc2 Qh5 32. Rh3 Nd4 33. Qd3 Rxf4 34. Rxf4 Ne2+ 35. Kh1 Nxf4 0-1

[Event "Novosibirsk Sukharev Memorial Seniors"]
[Site "Novosibirsk"]
[Date "2008.07.24"]
[Round "5"]
[White "Klimov, Valery"]
[Black "Litvinov, Yury"]
[Result "1-0"]
[WhiteElo "1941"]
[BlackElo "2008"]
[PlyCount "56"]
[EventDate "2008.07.20"]
[EventType "swiss"]
[EventRounds "9"]
[EventCountry "RUS"]
[SourceTitle "EXT 2022"]
[Source "ChessBase"]
[SourceDate "2021.10.06"]
[SourceVersion "1"]
[SourceVersionDate "2021.10.06"]
[SourceQuality "1"]

1. e4 c6 2. d4 d5 3. Nc3 dxe4 4. Nxe4 Nf6 5. Ng5 h6 6. N5f3 Be6 7. Ne2 g5 8. h4 g4 9. Ne5 Nh5 10. Nf4 Nxf4 11. Bxf4 h5 12. Qd2 Qb6 13. c4 a5 14. a3 Bg7 15. d5 cxd5 16. cxd5 Bf5 17. Bd3 Bxd3 18. Qxd3 0-0 19. 0-0 Rd8 20. Rad1 Qf6 21. g3 Ra6 22. Nc4 Nd7 23. Bg5 Qg6 24. Qxg6 fxg6 25. Bxe7 Rc8 26. Rc1 b5 27. Nd6 Rxc1 28. Rxc1 Bxb2 1-0

[Event "Novosibirsk Sukharev Memorial Seniors"]
[Site "Novosibirsk"]
[Date "2008.07.22"]
[Round "3"]
[White "Volkov, Petr"]
[Black "Litvinov, Yury"]
[Result "1-0"]
[WhiteElo "2095"]
[BlackElo "2008"]
[PlyCount "101"]
[EventDate "2008.07.20"]
[EventType "swiss"]
[EventRounds "9"]
[EventCountry "RUS"]
[SourceTitle "EXT 2022"]
[Source "ChessBase"]
[SourceDate "2021.10.06"]
[SourceVersion "1"]
[SourceVersionDate "2021.10.06"]
[SourceQuality "1"]

1. e4 c6 2. d4 d5 3. e5 Bf5 4. Nf3 e6 5. Be2 Be7 6. 0-0 h5 7. b3 Nd7 8. Bb2 g5 9. c4 g4 10. Ne1 Nh6 11. cxd5 cxd5 12. Nc3 a6 13. Nd3 h4 14. Rc1 b5 15. Rc2 Qb6 16. Nb1 g3 17. fxg3 hxg3 18. h3 Bxd3 19. Bxd3 Nxe5 20. Qd2 Kd7 21. Qe3 Nxd3 22. Qxd3 Qb8 23. Bc1 Qg8 24. Bf4 Bd6 25. Bxd6 Kxd6 26. Rfc1 Ke7 27. Rc7+ Kf6 28. Nd2 Nf5 29. Nf3 Rh7 30. Qe2 Qd8 31. R1c6 Qe8 32. Qe5+ Kg6 33. Qf4 Kg7 34. Ng5 Rh4 35. Qe5+ Kg6 36. Nxe6 Re4 37. Nc5+ Kg5 38. Qf6+ Kf4 39. Nxe4 Qxe4 40. Rc1 Qxd4+ 41. Qxd4+ Nxd4 42. Rxf7+ Ke4 43. Re7+ Kf5 44. Rd1 Rc8 45. Ree1 Nc6 46. Rxd5+ Kf4 47. Rc5 Ne7 48. Rxc8 Nxc8 49. Re6 a5 50. Rg6 Ne7 51. Rg4+ 1-0